000 00333nam a2200133Ia 4500
008 240624s9999 xx 000 0 und d
041 _aeng
082 _a828 ABR
100 _aABRAM DAVID
245 _aROUGH GUIDE TO KERALA DESERTED BEACHES H
260 _c2010
_aNew Delhi
_bPenguin
300 _a343 : p. : cm. ; 19
365 _cRS
999 _c24104
_d24104